[Event "43rd World U20 ch"]
[Site "Kochi IND"]
[Date "2004.11.20"]
[Round "1.1"]
[White "Mishra, Soumyaranjan"]
[Black "Berkes, Ferenc"]
[Result "0-1"]
[WhiteElo "2299"]
[BlackElo "2630"]
[EventDate "2004.11.19"]
[PlyCount "99"]

1.e4 c5 2.Nf3 d6 3.c3 Nf6 4.Be2 g6 5.O-O Bg7 6.Bb5+ Nbd7 7.Re1 a6 8.Bf1 
Ne5 9.d4 Nxf3+ 10.Qxf3 Nd7 11.Qd1 O-O 12.Be3 b6 13.Nd2 Bb7 14.b4 Qc7 15.
Qb3 cxd4 16.cxd4 Rac8 17.Rac1 Qxc1 18.Rxc1 Rxc1 19.Nc4 Rxf1+ 20.Kxf1 Bxe4 
21.Nd2 Bb7 22.f3 Rc8 23.Ne4 b5 24.a4 bxa4 25.Qxa4 Nb6 26.Qa1 h6 27.Bf2 Nd5
28.Qa5 f5 29.Nc5 dxc5 30.bxc5 Kh7 31.h4 h5 32.Kg1 Bf6 33.Qa4 Kg7 34.Qd7 
Rc7 35.Qa4 Nc3 36.Qa5 Nb5 37.Qb6 Kf7 38.Kh2 f4 39.Kg1 e6 40.Kh2 Bd8 41.Qa5
Rd7 42.Qd2 Bc7 43.Qc1 Bc6 44.Qa1 a5 45.d5 Rxd5 46.Qh8 Be5 47.Qc8 Nc7 48.
Qb8 a4 49.Qb4 Rd3 50.Qe4 0-1

[Event "43rd World U20 ch"]
[Site "Kochi IND"]
[Date "2004.11.20"]
[Round "1.2"]
[White "Harikrishna, Pentala"]
[Black "Olsson, Linus"]
[Result "1-0"]
[WhiteElo "2612"]
[BlackElo "2289"]
[EventDate "2004.11.19"]
[PlyCount "77"]

1.c4 Nf6 2.Nc3 c5 3.Nf3 d5 4.cxd5 Nxd5 5.d4 Nxc3 6.bxc3 g6 7.e4 Bg7 8.Rb1 
O-O 9.Be2 Bg4 10.O-O Nc6 11.d5 Na5 12.Qc2 b6 13.h3 Bxf3 14.Bxf3 Re8 15.Be2
e5 16.Bb5 Rf8 17.f4 a6 18.Bd3 Nb7 19.f5 Nd6 20.Qf2 Bf6 21.Bh6 Bg7 22.Be3 
Bf6 23.fxg6 fxg6 24.Qg3 Rb8 25.Qg4 c4 26.Bc2 Kg7 27.Rf3 Rb7 28.a4 b5 29.
axb5 axb5 30.Ra1 Qc8 31.Qg3 Rbf7 32.Rxf6 Rxf6 33.Qxe5 Kg8 34.Bd4 b4 35.
cxb4 Nb5 36.Bc5 R8f7 37.Ba4 Nc7 38.Bc6 Kg7 39.Be7 1-0

[Event "43rd World U20 ch"]
[Site "Kochi IND"]
[Date "2004.11.20"]
[Round "1.4"]
[White "Petrosian, Tigran L."]
[Black "Gopal, Geetha Narayanan"]
[Result "1-0"]
[WhiteElo "2539"]
[BlackElo "2278"]
[EventDate "2004.11.19"]
[PlyCount "93"]

1.e4 c5 2.Nf3 Nc6 3.Nc3 Nf6 4.Bb5 Qc7 5.O-O Nd4 6.Nxd4 cxd4 7.Nd5 Nxd5 8.
exd5 Qc5 9.c4 a6 10.b4 Qxb4 11.Ba4 b5 12.cxb5 g6 13.Bb3 axb5 14.Qf3 Bb7 
15.a3 Qd6 16.d3 Bg7 17.Bf4 Qf6 18.Rfc1 O-O 19.Rc7 Qb6 20.Rxd7 b4 21.a4 e5 
22.Bg5 Bc8 23.Rxf7 Rxf7 24.d6 Ra7 25.Be7 Bf5 26.d7 e4 27.Rc1 Rxd7 28.Rc8+ 
Rd8 29.Qxf5 gxf5 30.Rxd8+ Qxd8 31.Bxd8 exd3 32.Kf1 Kf8 33.a5 Rd7 34.Bb6 
Be5 35.a6 Bb8 36.Ke1 Ba7 37.Ba5 Bc5 38.Kd2 Rd6 39.Bc4 b3 40.Bxd3 Ke7 41.
Kc1 Ba3+ 42.Kd1 Bc5 43.h4 Kf6 44.g3 h6 45.Bd2 Rb6 46.a7 b2 47.a8=Q 1-0

[Event "43rd World U20 ch"]
[Site "Kochi IND"]
[Date "2004.11.20"]
[Round "1.5"]
[White "Mihailidis, Anastasios"]
[Black "Wojtaszek, Radoslaw"]
[Result "1/2-1/2"]
[WhiteElo "2278"]
[BlackElo "2536"]
[EventDate "2004.11.19"]
[PlyCount "50"]

1.e4 c6 2.c4 d5 3.exd5 cxd5 4.cxd5 Nf6 5.Nc3 Nxd5 6.Bc4 Nb6 7.Bb3 Nc6 8.
Nf3 Bf5 9.d4 e6 10.O-O Be7 11.d5 exd5 12.Nxd5 Nxd5 13.Qxd5 Qxd5 14.Bxd5 
Nb4 15.Bxb7 Rb8 16.Nd4 Bd3 17.Bc6+ Nxc6 18.Nxc6 Rb6 19.Nxe7 Bxf1 20.Nc8 
Ra6 21.Kxf1 Kd7 22.Nxa7 Rxa7 23.Be3 Ra6 24.a4 Rb8 25.Ra2 Ke6 1/2-1/2

[Event "43rd World U20 ch"]
[Site "Kochi IND"]
[Date "2004.11.20"]
[Round "1.6"]
[White "Paragua, Mark"]
[Black "Barbosa, Oliver"]
[Result "1/2-1/2"]
[WhiteElo "2534"]
[BlackElo "2311"]
[EventDate "2004.11.19"]
[PlyCount "29"]

1.e4 e5 2.Nf3 Nf6 3.Nxe5 d6 4.Nf3 Nxe4 5.d4 d5 6.Bd3 Be7 7.O-O Nc6 8.c4 
Nf6 9.cxd5 Nxd5 10.Nc3 O-O 11.h3 Be6 12.a3 Re8 13.Re1 a6 14.Bc2 Nxc3 15.
bxc3 1/2-1/2

[Event "43rd World U20 ch"]
[Site "Kochi IND"]
[Date "2004.11.20"]
[Round "1.7"]
[White "Gareev, Timur"]
[Black "Ruijgrok, Dennis"]
[Result "1-0"]
[WhiteElo "2525"]
[BlackElo "2255"]
[EventDate "2004.11.19"]
[PlyCount "65"]

1.d4 d5 2.c4 e6 3.Nc3 Nf6 4.Bg5 Be7 5.e3 O-O 6.Nf3 Nbd7 7.Qc2 h6 8.Bh4 b6 
9.cxd5 exd5 10.Bd3 Bb7 11.O-O c5 12.Rad1 Rc8 13.Bf5 g6 14.Bh3 g5 15.Bxd7 
Qxd7 16.Bg3 Qe6 17.Qa4 a6 18.dxc5 bxc5 19.Rd2 Rfd8 20.Qb3 Ba8 21.Rfd1 Bd6 
22.Qa4 Bxg3 23.hxg3 Rb8 24.Qc2 Rbc8 25.Rd3 Bc6 26.R3d2 Ba8 27.Qb3 Rb8 28.
Qa3 Rdc8 29.Na4 Rb5 30.Rc2 Qe4 31.Nd4 Ra5 32.b4 Rb8 33.Rxc5 1-0

[Event "43rd World U20 ch"]
[Site "Kochi IND"]
[Date "2004.11.20"]
[Round "1.9"]
[White "l`Ami, Erwin"]
[Black "Sai Srinivas, Dasari"]
[Result "1-0"]
[WhiteElo "2516"]
[BlackElo "2237"]
[EventDate "2004.11.19"]
[PlyCount "131"]

1.e4 e5 2.Nf3 Nc6 3.Bb5 Nf6 4.O-O Nxe4 5.d4 Nd6 6.Bxc6 dxc6 7.dxe5 Nf5 8.
Qxd8+ Kxd8 9.Nc3 Bd7 10.b3 Kc8 11.Bb2 Be7 12.Ne2 a5 13.Nf4 h5 14.a4 Be6 
15.Nxe6 fxe6 16.h3 c5 17.c4 Kd7 18.g3 Kc6 19.Rad1 Rad8 20.Bc3 b6 21.Kg2 g6
22.Ng1 Bg5 23.Ne2 Rhf8 24.Rfe1 Kb7 25.Ng1 Kc8 26.Nf3 Be7 27.Nd2 Rd7 28.Ne4
Rfd8 29.Rxd7 Rxd7 30.Kf1 Kd8 31.g4 Nh4 32.gxh5 gxh5 33.Ke2 Ke8 34.Nf6+ 
Bxf6 35.exf6 Kf7 36.Rg1 Ng6 37.Rg5 Rd8 38.Ke3 Rh8 39.f4 Rh7 40.Be5 Nh4 41.
Ke4 Nf5 42.Bxc7 Rh8 43.Kd3 Rc8 44.Be5 h4 45.Kc3 Rd8 46.Rg1 Rd7 47.Rg2 Ng3 
48.Kc2 Nf5 49.Rd2 Nd4+ 50.Bxd4 cxd4 51.Kd3 Kxf6 52.Rg2 Kf5 53.Rg4 Rh7 54.
Kxd4 Rd7+ 55.Ke3 Rd1 56.Rg5+ Kf6 57.Rb5 Rh1 58.Rxb6 Rxh3+ 59.Ke4 Rh1 60.
Kf3 Rg1 61.Rb5 h3 62.Rh5 Rb1 63.Ke4 Rxb3 64.Rxa5 Ra3 65.Kd4 h2 66.Rh5 1-0

[Event "43rd World U20 ch"]
[Site "Kochi IND"]
[Date "2004.11.20"]
[Round "1.11"]
[White "Quezada Perez, Yuniesky"]
[Black "Patwardhan, Omkar"]
[Result "1-0"]
[WhiteElo "2513"]
[BlackElo "2212"]
[EventDate "2004.11.19"]
[PlyCount "111"]

1.e4 c5 2.Nf3 Nc6 3.d4 cxd4 4.Nxd4 Nf6 5.Nc3 e5 6.Ndb5 d6 7.Bg5 a6 8.Na3 
b5 9.Bxf6 gxf6 10.Nd5 f5 11.Bd3 Be6 12.O-O Rg8 13.c4 f4 14.Kh1 b4 15.Nc2 
a5 16.b3 Rb8 17.g3 Rg6 18.a3 bxa3 19.Rxa3 Rh6 20.Rg1 Qd7 21.Bf1 fxg3 22.
fxg3 Qa7 23.Qd2 Qc5 24.Bg2 Rg6 25.Nc7+ Kd7 26.Na6 Qb6 27.Nxb8+ Qxb8 28.Rd1
Qb6 29.Raa1 Rf6 30.Qe3 Qb8 31.Rf1 Bh6 32.Qc3 Rxf1+ 33.Rxf1 Qb6 34.Rb1 Qf2 
35.Qd3 Qc5 36.Ra1 Qf2 37.Rd1 Qc5 38.Qf1 Ke7 39.Bh3 Nd4 40.Nxd4 exd4 41.
Bxe6 fxe6 42.Qf3 Qe5 43.Rf1 Qg7 44.e5 dxe5 45.Qe4 Ke8 46.c5 Qd7 47.Kg2 Qd5
48.Qxd5 exd5 49.Rf6 d3 50.Kf1 Bg7 51.Rd6 Ke7 52.Rxd5 e4 53.c6 Ke6 54.c7 
Kxd5 55.c8=Q Bd4 56.Qd8+ 1-0

[Event "43rd World U20 ch"]
[Site "Kochi IND"]
[Date "2004.11.20"]
[Round "1.12"]
[White "Puneet, Jaiswal"]
[Black "Zhao Jun"]
[Result "0-1"]
[WhiteElo "2212"]
[BlackElo "2511"]
[EventDate "2004.11.19"]
[PlyCount "145"]

1.d4 Nf6 2.Nf3 e6 3.e3 b6 4.Bd3 Bb7 5.Nbd2 c5 6.O-O Nc6 7.c3 Be7 8.e4 cxd4
9.Nxd4 O-O 10.Nxc6 dxc6 11.Qe2 Nd7 12.Bc2 e5 13.Nf3 Qc7 14.Bg5 Nc5 15.Bxe7
Qxe7 16.Qe3 Ba6 17.Rfd1 Rad8 18.b4 Nb7 19.Ba4 Bb5 20.Bb3 Nd6 21.Rd2 Nc4 
22.Bxc4 Bxc4 23.a3 Rxd2 24.Nxd2 Be6 25.Nf3 Qd6 26.h3 f6 27.Qe2 Rd8 28.Rc1 
Kf7 29.Kf1 c5 30.Ke1 Qc7 31.Qe3 Rc8 32.b5 a6 33.bxa6 Ra8 34.Qe2 Qc8 35.Nd2
Qxa6 36.Qxa6 Rxa6 37.Rb1 Ke7 38.c4 Kd6 39.Rb3 Kc6 40.Ke2 Ra7 41.Ke3 Rd7 
42.Rd3 Rd4 43.Rxd4 exd4+ 44.Kd3 g5 45.a4 Bd7 46.Nf3 h6 47.e5 f5 48.h4 g4 
49.Nd2 Kc7 50.Nf1 Bxa4 51.Ng3 Bd7 52.Nh5 Bc6 53.Nf4 Be4+ 54.Kd2 Kc6 55.g3 
Bb1 56.e6 Ba2 57.Nd5 Kd6 58.e7 Kd7 59.Nxb6+ Kxe7 60.Kc2 Kd6 61.Kd3 Bb1+ 
62.Kd2 Be4 63.Na4 Kc6 64.Kd1 Bb1 65.Kc1 Ba2 66.Nb2 Bb3 67.Kd2 Kb6 68.Kc1 
Ka5 69.Nd3 Bxc4 70.Nxc5 Kb4 71.Nb7 Kc3 72.Nd6 d3 73.Nxc4 0-1

[Event "43rd World U20 ch"]
[Site "Kochi IND"]
[Date "2004.11.20"]
[Round "1.13"]
[White "Drozdovskyi, Yury"]
[Black "Mandizha, Farai"]
[Result "1-0"]
[WhiteElo "2510"]
[BlackElo "2200"]
[EventDate "2004.11.19"]
[PlyCount "118"]

1.d4 Nf6 2.c4 e6 3.Nc3 Bb4 4.Qc2 Nc6 5.Nf3 Bxc3+ 6.Qxc3 Ne4 7.Qc2 d5 8.g3 
O-O 9.Bg2 Qf6 10.Be3 Nd6 11.c5 Nc4 12.Qc3 Nxe3 13.Qxe3 Re8 14.Ne5 Nxe5 15.
dxe5 Qe7 16.O-O Bd7 17.f4 f6 18.Rac1 Bc6 19.Qd4 f5 20.Bf3 a5 21.b3 Reb8 
22.Rf2 Be8 23.e3 b5 24.cxb6 Rxb6 25.Rfc2 Rb7 26.Rc5 c6 27.Be2 Rb4 28.Qd2 
Qb7 29.Bd1 Bd7 30.Qc3 Qb6 31.Kf2 Qd8 32.Qd2 Be8 33.R1c3 Qb6 34.a3 Rb5 35.
Qd4 Qd8 36.Be2 Rb7 37.Ke1 Qb8 38.Bd1 Qd8 39.Kd2 Rc8 40.Kc2 Rbb8 41.Kb2 Ra8
42.Ka2 Qe7 43.Be2 Qb7 44.h3 a4 45.b4 Rcb8 46.Bd3 Qf7 47.g4 Qg6 48.Rc2 Bd7 
49.Rg2 Rb7 50.Rcc2 Qh6 51.Rg3 g6 52.gxf5 exf5 53.e6 Bxe6 54.Rxc6 Bf7 55.
Bxf5 Qh5 56.Bd3 Qh4 57.Rg2 Qxh3 58.Rgc2 Re7 59.Bb5 Rxe3 1-0

[Event "43rd World U20 ch"]
[Site "Kochi IND"]
[Date "2004.11.20"]
[Round "1.17"]
[White "Venkatesh, Marani Rajendran"]
[Black "Vaidya Chaitanya, N."]
[Result "1-0"]
[WhiteElo "2450"]
[BlackElo "2184"]
[EventDate "2004.11.19"]
[PlyCount "75"]

1.e4 e6 2.d4 d5 3.Nd2 Nf6 4.e5 Nfd7 5.Bd3 c5 6.c3 Nc6 7.Ne2 cxd4 8.cxd4 f6
9.exf6 Nxf6 10.Nf3 Bd6 11.O-O O-O 12.Bf4 Bxf4 13.Nxf4 Qb6 14.b3 g6 15.Bc2 
Bd7 16.Re1 Rae8 17.Qd2 Qb4 18.Qd3 Ne4 19.Ne2 Qd6 20.Ng3 Nxg3 21.hxg3 e5 
22.dxe5 Nxe5 23.Nxe5 Rxe5 24.Qd4 Rfe8 25.Red1 a6 26.b4 Bc6 27.a4 Qf6 28.
Qb6 Re2 29.Bd3 Rd2 30.Bf1 Rxd1 31.Rxd1 Qb2 32.b5 axb5 33.axb5 Qb4 34.Rc1 
Rf8 35.Rc2 d4 36.Bc4+ Kg7 37.Qxd4+ Kh6 38.Qe3+ 1-0

[Event "43rd World U20 ch"]
[Site "Kochi IND"]
[Date "2004.11.20"]
[Round "1.19"]
[White "Jianu, Vlad-Cristian"]
[Black "Swaraj, Palit"]
[Result "1/2-1/2"]
[WhiteElo "2444"]
[BlackElo "2172"]
[EventDate "2004.11.19"]
[PlyCount "145"]

1.d4 Nf6 2.c4 e6 3.Nf3 b6 4.g3 Bb4+ 5.Bd2 Be7 6.Nc3 Bb7 7.Bg2 O-O 8.O-O 
Ne4 9.d5 Nxd2 10.Qxd2 Bf6 11.Rfd1 Bxc3 12.Qxc3 d6 13.dxe6 fxe6 14.Qe3 Re8 
15.Bh3 Bxf3 16.Bxe6+ Kh8 17.Qxf3 Nd7 18.Bh3 Ne5 19.Qc3 Qf6 20.Bg2 Rad8 21.
h3 Nf7 22.Qxf6 gxf6 23.Kf1 Re5 24.Rd4 Rde8 25.e3 Kg7 26.Rad1 Nh6 27.R1d3 
Nf5 28.Rg4+ Kf8 29.Rf4 Kg7 30.Bc6 R8e7 31.b4 a5 32.a3 h5 33.Bd5 axb4 34.
axb4 Kg6 35.Ra3 Nh6 36.Rd4 Nf5 37.Rdd3 Rg7 38.Ra8 Nh6 39.Ke2 f5 40.Rda3 h4
41.f4 Ree7 42.gxh4 Kh5 43.Rf8 Rg3 44.Rf6 Rh7 45.Ra7 Rxh3 46.Rxd6 Kxh4 47.
Rxc7 Rxc7 48.Rxh6+ Kg3 49.Rg6+ Kh4 50.Rh6+ Kg3 51.Rg6+ Kh4 52.Rxb6 Rh2+ 
53.Kf3 Rh3+ 54.Kf2 Rh2+ 55.Bg2 Rxc4 56.Rh6+ Kg4 57.Rxh2 Rc2+ 58.Kg1 Kg3 
59.Rh3+ Kg4 60.Rh8 Rxg2+ 61.Kf1 Rb2 62.Re8 Kf3 63.Ke1 Re2+ 64.Kd1 Rb2 65.
Re5 Rxb4 66.Kc2 Rc4+ 67.Kd3 Rc8 68.Kd4 Rd8+ 69.Rd5 Re8 70.Rxf5 Rxe3 71.Re5
Ra3 72.f5 Ra4+ 73.Kd5 1/2-1/2

[Event "43rd World U20 ch"]
[Site "Kochi IND"]
[Date "2004.11.20"]
[Round "1.20"]
[White "Aswin, Jayaram"]
[Black "Smerdon, David"]
[Result "1-0"]
[WhiteElo "2160"]
[BlackElo "2425"]
[EventDate "2004.11.19"]
[PlyCount "95"]

1.e4 d5 2.exd5 Nf6 3.d4 Bg4 4.Nf3 Qxd5 5.Be2 Nc6 6.Be3 O-O-O 7.Nbd2 Qf5 8.
O-O Bxf3 9.Nxf3 e5 10.c3 Bd6 11.d5 Bc5 12.c4 Bxe3 13.fxe3 e4 14.Nd4 Qg5 
15.Nf5 Ne8 16.Qa4 g6 17.h4 Qf6 18.Nd4 Nxd4 19.Rxf6 Nxe2+ 20.Kf2 Nxf6 21.
Qxa7 Nf4 22.exf4 Rhe8 23.Qa8+ Kd7 24.Qxb7 Nh5 25.Ke3 Ng3 26.Rd1 Nf5+ 27.
Ke2 Rb8 28.Qc6+ Ke7 29.Qxc7+ Kf8 30.b3 Ra8 31.a4 Rac8 32.Qb6 Rb8 33.Qf6 
Kg8 34.d6 Re6 35.Qc3 Nxd6 36.c5 Nf5 37.b4 Rc8 38.b5 e3 39.c6 Ng3+ 40.Ke1 
Ne4 41.Qd4 e2 42.Qd8+ Re8 43.Qxe8+ Rxe8 44.Rd4 Nc5 45.c7 Ne6 46.Rc4 Nxc7 
47.Rxc7 Rb8 48.Rc5 1-0

[Event "43rd World U20 ch"]
[Site "Kochi IND"]
[Date "2004.11.20"]
[Round "1.21"]
[White "Gupta, Abhijeet"]
[Black "Nanjo, Ryosuke"]
[Result "1-0"]
[WhiteElo "2412"]
[BlackElo "2154"]
[EventDate "2004.11.19"]
[PlyCount "53"]

1.d4 d6 2.c4 e5 3.Nf3 e4 4.Ng5 f5 5.Nc3 Be7 6.Nh3 Nf6 7.g3 c6 8.Bg5 Be6 9.
d5 cxd5 10.cxd5 Bf7 11.Bg2 Nbd7 12.O-O O-O 13.Qd2 Nb6 14.f3 exf3 15.Bxf3 
Qd7 16.b3 Rac8 17.a4 Ne4 18.Nxe4 fxe4 19.Bxe4 Qxh3 20.Bxe7 Rfe8 21.Bf5 Qh5
22.g4 Qh3 23.Rf3 Qxf3 24.exf3 Rxe7 25.Bxc8 Nxc8 26.Rc1 Nb6 27.a5 1-0

[Event "43rd World U20 ch"]
[Site "Kochi IND"]
[Date "2004.11.20"]
[Round "1.22"]
[White "Arun, Karthik Ravichandra"]
[Black "Deepan Chakravarthy, Jeyakumar"]
[Result "0-1"]
[WhiteElo "2152"]
[BlackElo "2396"]
[EventDate "2004.11.19"]
[PlyCount "98"]

1.e4 e5 2.Nf3 Nc6 3.Bb5 a6 4.Ba4 Nf6 5.O-O Be7 6.Re1 b5 7.Bb3 d6 8.c3 O-O 
9.h3 Na5 10.Bc2 c5 11.d4 Nd7 12.dxc5 dxc5 13.Nbd2 Bb7 14.Nf1 Nc4 15.Ne3 
Nxe3 16.Bxe3 Qc7 17.Qe2 c4 18.Rad1 Nc5 19.Bxc5 Bxc5 20.Rd2 Rad8 21.Red1 
Rxd2 22.Rxd2 Be7 23.Nh2 Rd8 24.Ng4 Rxd2 25.Qxd2 Qd6 26.Qxd6 Bxd6 27.Ne3 
Bc5 28.Nd5 f6 29.Kf1 Kf7 30.Ke2 Ke6 31.Nc7+ Kd7 32.Nd5 Kd6 33.Ne3 g6 34.
Ng4 Ke6 35.b3 f5 36.Ne3 Bxe3 37.Kxe3 cxb3 38.Bxb3+ Kd6 39.f3 a5 40.exf5 
gxf5 41.g4 f4+ 42.Kf2 e4 43.fxe4 Bxe4 44.g5 Ke5 45.Bg8 Bd5 46.Bxh7 Bxa2 
47.Bc2 a4 48.g6 a3 49.g7 Kf6 0-1

[Event "43rd World U20 ch"]
[Site "Kochi IND"]
[Date "2004.11.20"]
[Round "1.24"]
[White "Soumitra, Mujumdar"]
[Black "Sengupta, Deep"]
[Result "0-1"]
[WhiteElo "2148"]
[BlackElo "2359"]
[EventDate "2004.11.19"]
[PlyCount "58"]

1.d4 e6 2.c4 b6 3.Nc3 Bb7 4.e4 Bb4 5.Bd3 f5 6.d5 fxe4 7.Bxe4 Nf6 8.Bf3 e5 
9.Nh3 O-O 10.O-O h6 11.Ne4 a5 12.Nxf6+ Qxf6 13.Be4 Bc5 14.Qh5 c6 15.Ng5 
cxd5 16.cxd5 Ba6 17.Nh7 Qf7 18.Bg6 Qxd5 19.Nxf8 Bxf1 20.Kxf1 Kxf8 21.Qg4 
Nc6 22.Be4 Qf7 23.Qg3 d5 24.Bg6 Qf6 25.Bd2 Kg8 26.Kg1 Rf8 27.Rf1 e4 28.
Bxh6 Ne7 29.Bxe4 dxe4 0-1

[Event "43rd World U20 ch"]
[Site "Kochi IND"]
[Date "2004.11.20"]
[Round "1.25"]
[White "D`Costa, Lorin"]
[Black "Sandeep, Yalamanchili"]
[Result "1-0"]
[WhiteElo "2358"]
[BlackElo "2138"]
[EventDate "2004.11.19"]
[PlyCount "77"]

1.d4 Nf6 2.c4 g6 3.Nc3 d5 4.cxd5 Nxd5 5.Bd2 Bg7 6.e4 Nb6 7.Be3 O-O 8.Bb5 
e5 9.dxe5 c6 10.Bd3 Bxe5 11.Nge2 Be6 12.b3 N8d7 13.f4 Bg7 14.O-O Qe7 15.
Qc2 Rad8 16.Rae1 f5 17.Ng3 fxe4 18.Ngxe4 Bf5 19.h3 Qb4 20.g4 Bxc3 21.Nxc3 
Bxd3 22.Qxd3 Nc5 23.Qc2 Rd3 24.Nb1 Nbd7 25.Kh2 a5 26.f5 gxf5 27.gxf5 Qh4 
28.Re2 b6 29.Rf4 Qh5 30.Rg2+ Kh8 31.Qf2 Nf6 32.Rh4 Nce4 33.Qf4 Qe8 34.Bxb6
Rd5 35.Re2 Qd7 36.Rxe4 Rxf5 37.Qh6 Nxe4 38.Bd4+ Nf6 39.Qxf8# 1-0

[Event "43rd World U20 ch"]
[Site "Kochi IND"]
[Date "2004.11.20"]
[Round "1.26"]
[White "Karthikeyan, Pandian"]
[Black "Arghyadip Das"]
[Result "1/2-1/2"]
[WhiteElo "2131"]
[BlackElo "2353"]
[EventDate "2004.11.19"]
[PlyCount "58"]

1.e4 c5 2.Nf3 d6 3.d4 cxd4 4.Nxd4 Nf6 5.f3 Nc6 6.c4 Qb6 7.Nc2 e6 8.Nc3 a6 
9.Qd3 Be7 10.Qe3 Qc7 11.b3 O-O 12.Bb2 d5 13.O-O-O dxc4 14.Bxc4 b5 15.Be2 
Bb7 16.Kb1 Rac8 17.Rc1 Rfd8 18.g3 Nd7 19.Rhd1 Nc5 20.Rxd8+ Rxd8 21.Rd1 Rc8
22.Rd2 b4 23.Nd1 a5 24.Nd4 Nxd4 25.Qxd4 Bf6 26.e5 Rd8 27.Qe3 Rxd2 28.Qxd2 
Be7 29.Qc2 Qd7 1/2-1/2

[Event "43rd World U20 ch"]
[Site "Kochi IND"]
[Date "2004.11.20"]
[Round "1.27"]
[White "Quan, Zhe"]
[Black "Phadke, Sohan"]
[Result "1-0"]
[WhiteElo "2345"]
[BlackElo "2125"]
[EventDate "2004.11.19"]
[PlyCount "97"]

1.d4 Nf6 2.c4 c5 3.d5 b5 4.cxb5 a6 5.b6 e6 6.Nc3 Nxd5 7.Nxd5 exd5 8.Qxd5 
Nc6 9.Nf3 Rb8 10.e4 Be7 11.Bc4 O-O 12.O-O Rxb6 13.Qh5 d6 14.b3 Be6 15.Bxe6
fxe6 16.Bb2 Bf6 17.Bxf6 Qxf6 18.Rad1 e5 19.Nd2 Nd4 20.Nc4 Rb7 21.Rd2 Rbf7 
22.f3 Qe6 23.Rdf2 Rf4 24.Ne3 R4f6 25.Nd5 R6f7 26.Qg5 h6 27.Qd2 g5 28.Qa5 
g4 29.Qxa6 gxf3 30.Qd3 Ne2+ 31.Kh1 Kh8 32.Rxf3 Nd4 33.Rxf7 Rxf7 34.h3 Kg7 
35.Kh2 Rxf1 36.Qxf1 Qf7 37.Qxf7+ Kxf7 38.Kg3 Kg6 39.Kf2 Kg5 40.g3 h5 41.
Ne3 Nb5 42.Nc4 Nc3 43.Nxd6 Nxa2 44.Nb7 Nc3 45.Nxc5 h4 46.gxh4+ Kxh4 47.Ke3
Kxh3 48.Kd3 Nb5 49.Kc4 1-0

[Event "43rd World U20 ch"]
[Site "Kochi IND"]
[Date "2004.11.20"]
[Round "1.28"]
[White "Ashwath, Raja"]
[Black "Tallaksen, Geir Sune"]
[Result "0-1"]
[WhiteElo "2124"]
[BlackElo "2343"]
[EventDate "2004.11.19"]
[PlyCount "74"]

1.d4 Nf6 2.c4 e6 3.Nc3 Bb4 4.Qc2 O-O 5.Bg5 c5 6.dxc5 Na6 7.a3 Bxc3+ 8.Qxc3
Nxc5 9.Bxf6 Qxf6 10.Qxf6 gxf6 11.b4 Na4 12.e3 b6 13.Be2 Ba6 14.Nf3 Rac8 
15.b5 Bb7 16.O-O Rc7 17.Nd2 Rfc8 18.Rfc1 d5 19.Bf3 dxc4 20.Bxb7 Rxb7 21.
Ne4 Rbc7 22.Nxf6+ Kg7 23.Ne4 c3 24.Rc2 Rd8 25.Kf1 f5 26.Ng5 Kf6 27.Nf3 Rc4
28.Rac1 e5 29.Ng1 Rd2 30.Ke1 Rxc2 31.Rxc2 Ke6 32.f3 Kd5 33.Rc1 Rc5 34.Ne2 
Kc4 35.Ng3 Kb3 36.Ne2 c2 37.f4 Nc3 0-1

[Event "43rd World U20 ch"]
[Site "Kochi IND"]
[Date "2004.11.20"]
[Round "1.30"]
[White "Nitin, Senthilvel"]
[Black "Nad Hedesi, Balind"]
[Result "0-1"]
[WhiteElo "2119"]
[BlackElo "2337"]
[EventDate "2004.11.19"]
[PlyCount "68"]

1.e4 c5 2.Nf3 d6 3.d4 cxd4 4.Nxd4 Nf6 5.Nc3 Bd7 6.f3 e5 7.Nb3 Be7 8.Be3 
O-O 9.Qd2 a5 10.a4 Na6 11.Qf2 Nb4 12.Bb6 Qc8 13.O-O-O Be6 14.Kb1 d5 15.
exd5 Nfxd5 16.Nxd5 Bxd5 17.Nc1 Bc6 18.Bb5 Bxb5 19.axb5 a4 20.g4 Qe6 21.Bc5
Rfd8 22.Rxd8+ Rxd8 23.Bxb4 Bxb4 24.Nd3 Be7 25.Re1 f6 26.Qa7 a3 27.Qxb7 Bf8
28.Re4 Rxd3 29.cxd3 Qb3 30.Kc1 Qxb2+ 31.Kd1 Qb3+ 32.Ke2 a2 33.Rc4 Qb2+ 34.
Ke3 a1=Q 0-1

[Event "43rd World U20 ch"]
[Site "Kochi IND"]
[Date "2004.11.20"]
[Round "1.31"]
[White "Grigorov, Grigor"]
[Black "Prasanna, Kannappan"]
[Result "1/2-1/2"]
[WhiteElo "2321"]
[BlackElo "2096"]
[EventDate "2004.11.19"]
[PlyCount "61"]

1.d4 Nf6 2.c4 e6 3.Nc3 Bb4 4.Qc2 O-O 5.a3 Bxc3+ 6.Qxc3 b5 7.cxb5 c6 8.Bg5 
cxb5 9.Nf3 Bb7 10.e3 h6 11.Bxf6 Qxf6 12.Be2 a6 13.O-O Rc8 14.Qd2 d6 15.
Rac1 Nd7 16.a4 Nb6 17.axb5 axb5 18.Qb4 Qd8 19.Rxc8 Nxc8 20.Qxb5 Ba6 21.Qc6
Ne7 22.Qc2 Bxe2 23.Qxe2 Qb6 24.Ne1 Ra2 25.Nd3 Nc6 26.h3 Nb4 27.Nxb4 Qxb4 
28.Rb1 d5 29.Qc2 g6 30.g4 Kg7 31.Kg2 1/2-1/2

[Event "43rd World U20 ch"]
[Site "Kochi IND"]
[Date "2004.11.20"]
[Round "1.32"]
[White "Artels, Lieven"]
[Black "Tiwari, Arjun"]
[Result "1-0"]
[WhiteElo "2084"]
[BlackElo "2319"]
[EventDate "2004.11.19"]
[PlyCount "60"]

1.e4 c5 2.Nf3 Nc6 3.d4 cxd4 4.Nxd4 Nf6 5.Nc3 e5 6.Ndb5 d6 7.Be3 a6 8.Na3 
b5 9.Nd5 Rb8 10.f3 Nxd5 11.exd5 Qh4+ 12.g3 Qb4+ 13.Bd2 Qxb2 14.Nxb5 Nd4 
15.Rb1 Qxa2 16.Nc7+ Kd8 17.Rxb8 Kxc7 18.Rb1 Nxf3+ 19.Qxf3 Qxb1+ 20.Kf2 
Qxc2 21.Qe2 Qc5+ 22.Kg2 Bb7 23.Qc4 Kb8 24.Ba5 Qc8 25.Qa2 Be7 26.Bxa6 Bxa6 
27.Rb1+ Ka8 28.Bc7 Bd8 29.Rb8+ Qxb8 30.Qxa6+ Qa7 1-0

[Event "43rd World U20 ch"]
[Site "Kochi IND"]
[Date "2004.11.20"]
[Round "1.35"]
[White "Perdomo, Leandro"]
[Black "Raghuram, Balaji"]
[Result "1-0"]
[WhiteElo "2312"]
[BlackElo "2043"]
[EventDate "2004.11.19"]
[PlyCount "47"]

1.d4 d5 2.c4 c6 3.Nf3 Nf6 4.e3 e6 5.Bd3 Nbd7 6.Nbd2 Bd6 7.e4 dxe4 8.Nxe4 
Nxe4 9.Bxe4 Nf6 10.Bc2 O-O 11.O-O c5 12.Bg5 h6 13.Bh4 Be7 14.Qd3 g6 15.Ne5
Qe8 16.dxc5 Nd7 17.Nxd7 Bxd7 18.Bxe7 Qxe7 19.Qd6 Qe8 20.Be4 Qc8 21.b4 a6 
22.Rad1 Rd8 23.Qb6 Rb8 24.Rd6 1-0

[Event "43rd World U20 ch"]
[Site "Kochi IND"]
[Date "2004.11.20"]
[Round "1.36"]
[White "Phanikanth, J. S. S."]
[Black "Cifka, Stanislav"]
[Result "0-1"]
[WhiteElo "1985"]
[BlackElo "2310"]
[EventDate "2004.11.19"]
[PlyCount "52"]

1.d4 e6 2.c4 Nf6 3.Nf3 Bb4+ 4.Bd2 Qe7 5.a3 Bxd2+ 6.Qxd2 O-O 7.Nc3 d5 8.e3 
Rd8 9.Qc2 Nbd7 10.Bd3 dxc4 11.Bxc4 c5 12.O-O a6 13.Rfd1 b5 14.Be2 Bb7 15.
dxc5 Nxc5 16.Rac1 Rxd1+ 17.Rxd1 Rc8 18.Qd2 h6 19.Nd4 Nce4 20.Nxe4 Nxe4 21.
Qd3 Qh4 22.g3 Qe7 23.Bf3 Ng5 24.Bxb7 Qxb7 25.h4 Nh3+ 26.Kf1 Rd8 0-1

[Event "43rd World U20 ch"]
[Site "Kochi IND"]
[Date "2004.11.20"]
[Round "2.2"]
[White "Deepan Chakravarthy, Jeyakumar"]
[Black "Harikrishna, Pentala"]
[Result "0-1"]
[WhiteElo "2396"]
[BlackElo "2612"]
[EventDate "2004.11.19"]
[PlyCount "48"]

1.e4 g6 2.d4 Bg7 3.Nc3 d6 4.g3 Nc6 5.Be3 e5 6.d5 Nce7 7.Bg2 Nf6 8.h3 O-O 
9.Nge2 c6 10.dxc6 bxc6 11.Qd2 d5 12.exd5 cxd5 13.Bc5 Rb8 14.b3 d4 15.Na4 
Bb7 16.Bxb7 Rxb7 17.O-O Qc8 18.Bxe7 Rxe7 19.Kh2 Ne4 20.Qd1 Ng5 21.Ng1 e4 
22.Rc1 f5 23.h4 Nf7 24.Qd2 Ne5 0-1

[Event "43rd World U20 ch"]
[Site "Kochi IND"]
[Date "2004.11.20"]
[Round "2.4"]
[White "Sengupta, Deep"]
[Black "Petrosian, Tigran L."]
[Result "0-1"]
[WhiteElo "2359"]
[BlackElo "2539"]
[EventDate "2004.11.19"]
[PlyCount "58"]

1.e4 e5 2.Nf3 Nf6 3.Nc3 Nc6 4.g3 Nxe4 5.Nxe4 d5 6.Nc3 d4 7.Ne4 f5 8.Neg5 
e4 9.Bc4 exf3 10.Bf7+ Kd7 11.Be6+ Ke8 12.Bf7+ Ke7 13.Bb3 Kf6 14.Nf7 Qe8+ 
15.Kf1 d3 16.Qxf3 Nd4 17.Qxd3 Nxb3 18.Nxh8 Qc6 19.Kg1 Nxa1 20.b3 Qxc2 21.
Qd4+ Ke6 22.Qxa1 Bd7 23.Bb2 Bc6 24.h3 Bc5 25.Bxg7 Bxf2+ 26.Kh2 Qe4 27.Qf6+
Kd5 28.Rc1 Re8 29.Rc4 Bg1+ 0-1

[Event "43rd World U20 ch"]
[Site "Kochi IND"]
[Date "2004.11.20"]
[Round "2.5"]
[White "Quan, Zhe"]
[Black "Gareev, Timur"]
[Result "1-0"]
[WhiteElo "2345"]
[BlackElo "2525"]
[EventDate "2004.11.19"]
[PlyCount "126"]

1.d4 Nf6 2.c4 d6 3.Nf3 Nbd7 4.g3 e5 5.Bg2 Be7 6.Nc3 O-O 7.O-O c6 8.Qc2 Qc7
9.b3 Re8 10.Bb2 Bf8 11.e4 a6 12.Rac1 Qb8 13.a4 a5 14.d5 Nc5 15.Ne1 Qa7 16.
Nd3 Nfd7 17.Nxc5 Nxc5 18.Rb1 Na6 19.Qe2 Nb4 20.Rfd1 Qb6 21.Bc1 Qc7 22.Be3 
Bd7 23.Rbc1 Na6 24.h3 Rad8 25.Kh2 Bc8 26.Bf3 g6 27.Bg4 f5 28.exf5 gxf5 29.
Bh5 Re7 30.Bg5 Nc5 31.Bxe7 Qxe7 32.Rb1 Bg7 33.Rg1 Kh8 34.Nd1 Qg5 35.Ne3 
Ne4 36.Rbf1 Nc3 37.Qe1 Qxh5 38.Qxc3 f4 39.g4 Qf7 40.Nf5 Bxf5 41.gxf5 e4 
42.Qc2 Re8 43.Re1 cxd5 44.cxd5 Qxd5 45.Qc7 Bf6 46.Qc4 Qxc4 47.bxc4 Bd4 48.
Kg2 Kg7 49.Rb1 b6 50.Rgd1 Bc5 51.Rd5 Kf6 52.Kf1 h5 53.Rxb6 Bxb6 54.Rxd6+ 
Kxf5 55.Rxb6 f3 56.c5 Rd8 57.Ke1 Rd4 58.c6 Rxa4 59.Rb5+ Kf4 60.Rc5 e3 61.
Rc1 Ra2 62.Rc4+ Ke5 63.fxe3 Ra1+ 1-0